000 00427cam a22001337a 4500
008 180718b1989 xxu||||| |||| 00| 0 eng d
082 _aK5x67 In8
100 _aAdamolekun, Ladipo
245 _aIssues in development management in Sub-Saharan Africa
_cby Ladipo Adamolekun
260 _aWashington, D.C
_bIBRD
_c1989
300 _a48p.
650 _aCivil Service - Africa, Sub-Saharan
650 _aTraining - Africa, Sub-Saharan
999 _c225511
_d225511